00000000nam##2200000za#4500
0019.676101
003CaOODSP
00520210624225629
007cr |||||||||||
008150407|1993||||xxc|||||o    f|0| 0 eng|d
040 |aCaOODSP|beng
041 |aeng
041 |afre
043 |an-cn---
0861 |aCS93-331/1993-PDF
24500|aSelected income statistics |h[electronic resource]
2461 |iSeries title also given on publication as : |aThe nation
260 |aOttawa - Ontario : |bStatistics Canada |c1993.
500 |aHistorical census publication digitized by Statistics Canada.
590 |a13-04-Supp|b2013-02-13
69007|aCensus data|2gcpds
69007|aIncome|2gcpds
7102 |aStatistics Canada.
792 |tCertaines statistiques du revenu |efre|w(CaOODSP)9.676102
85640|ahttp://publications.gc.ca|qPDF|s11.9 MB|uhttps://publications.gc.ca/collections/collection_2013/statcan/rh-hc/CS93-331-1993.pdf